Statistiques concernant Drapeaux de l'Europe

Cliquez ici pour prendre le quiz!

Statistiques générales

  • Ce quiz a été pris 211 fois
  • Le résultat moyen est 13 sur 16

Statistiques - réponses

Réponse% Correct
France
100%
Royaume-Uni
98%
Italie
94%
Pologne
93%
Ukraine
93%
Roumanie
91%
Norvège
90%
Albanie
86%
Chypre
86%
Danemark
85%
Monaco
85%
Macédoine du Nord
83%
Hongrie
82%
Luxembourg
82%
Malte
82%
Cité du Vatican
14%

Distribution des résultats

Percentile par nombre de réponses

% des personnes avec chaque résultat

Votre développement - résultats

Vous n’avez pas pris ce quiz